| 000 | 00883cam a2200253 a 4500 | ||
|---|---|---|---|
| 001 | 000016170 | ||
| 005 | 20200929164314.0 | ||
| 008 | 990531s2001 sp a b 000|0 spa | ||
| 020 | _a8466304002 | ||
| 040 |
_aDO-SdBNP _bspa _cBNPHU |
||
| 082 |
_a862.3 _bM722b |
||
| 100 | 1 |
_aMolina, Tirso de, _d1571?-1648. _936187 |
|
| 245 | 1 | 3 |
_aEl burlador de Sevilla : _bdon Juan Tenorio / _cTirso de Molina, José Zorrilla ; estudios y notas por Begoña Alonso Monedero. |
| 250 | _a4 ed. | ||
| 260 |
_a[Madrid] : _bSuma de Letras, _c2001. |
||
| 300 |
_a520 p. : _bil. ; _c21 cm. |
||
| 490 | 1 |
_aPunto de lectura _v300/5 |
|
| 650 | 4 |
_aTeatro español _93071 |
|
| 650 | 4 |
_aLiteratura española _9632 |
|
| 700 | 1 |
_aAlonso Monedero, Begoña. _915053 |
|
| 700 | 1 | 2 |
_aZorrilla, José, _d1817-1893. _tDon Juan Tenorio. _915635 |
| 740 | 0 | 2 | _aDon Juan Tenorio. |
| 830 | 0 |
_aPunto de lectura ; _v300/5 _93047 |
|
| 999 |
_c15710 _d15710 |
||